| 000 | 01238nam a22002777a 4500 | ||
|---|---|---|---|
| 999 |
_c19293 _d19293 |
||
| 001 | 1143827 | ||
| 003 | OSt | ||
| 005 | 20210114091103.0 | ||
| 008 | 161006b xxu||||| |||| 00| 0 eng d | ||
| 010 | _a 95025225 | ||
| 020 | _a0792334132 (hb : acidfree paper) | ||
| 040 |
_aMMU _cMMU _dMMU _beng |
||
| 050 | 0 | 0 |
_aS587.5.N5 _bS95 1994 |
| 245 | 1 | 0 |
_aManagement of biological nitrogen fixation for the development of more productive and sustainable agricultural systems : _bextended versions of papers presented at the Symposium on Biological Nitrogen Fixation for Sustainable Agriculture at the 15th Congress of Soil Science, Acapulco, Mexico, 1994 / _cedited by J.K. Ladha and M.B. Peoples. |
| 260 |
_aDordrecht ; _aBoston : _bKluwer Academic Publishers, _cc1995. |
||
| 300 |
_a287 p. : _bill. ; _c27 cm. |
||
| 440 | 0 |
_aDevelopments in plant and soil sciences ; _vv. 65 |
|
| 500 | _aIncludes bibliographical references and index. | ||
| 650 | 0 |
_aNitrogen in agriculture _xCongresses. |
|
| 650 | 0 |
_aNitrogen _xFixation _xCongresses. |
|
| 650 | 0 |
_aCropping systems _xCongresses. |
|
| 650 | 0 |
_aSustainable agriculture _xCongresses. |
|
| 700 | 1 |
_aLadha, J. K. _q(Jagdish Kumar), _d1952- |
|
| 700 | 1 | _aPeoples, M. B. | |
| 942 |
_2lcc _cSHORTLOAN |
||